000 00718cam a22002411 4500
008
020 _a0070701253 (pbk.)
049 _aMAIN
090 _aTA660.P6
_bTIM
100 1 _aTimoshenko, Stephen.
245 1 0 _aTheory of plates and shells
_c[by] S. Timoshenko [and] S. Woinowsky-Krieger.
250 _a2nd ed.
260 _aNew York :
_bMcGraw-Hill,
_c1959.
300 _a580 p. :
_bill. ;
_c24 cm.
440 0 _aEngineering societies monographs.
650 0 _aElastic plates and shells.
700 1 _aWoinowsky-Krieger, S.
907 _a.b10016831
_b24-01-18
_c17-04-03
003
005 20230123141055.0
040 _cNUST
942 _cBOOKS
_kTA660.P6
_mTIM
999 _c167199
_d167199